Výsledky štvrťročných zisťovaní v priemysle SR podľa závodov v 3. štvrťroku 1993 z výkazu PRIEM Z 2-04

Enregistré dans:
Détails bibliographiques
Format: Livre
Langue:slovaque
Publié: Bratislava Štatistický úrad Slovenskej republiky 1993
Collection:Štatistické čísla a grafy
Tags: Ajouter un tag
Pas de tags, Soyez le premier à ajouter un tag!

MARC

LEADER 00000nam a2200000 4500
001 c021421
005 20260219094159.7
041 0 |a slo 
044 |a SK 
245 1 0 |a Výsledky štvrťročných zisťovaní v priemysle SR podľa závodov v 3. štvrťroku 1993 z výkazu PRIEM Z 2-04 
264 1 |a Bratislava  |b Štatistický úrad Slovenskej republiky  |c 1993 
300 |a [8] s. 
490 1 |a Štatistické čísla a grafy 
830 0 |a Štatistické čísla a grafy